000 00610 a2200205 4500
003 OSt
005 20230322092648.0
008 220726b mx a|||f |||| 001 0 spa d
020 _a9786071735942
040 _cCHAP
082 0 0 _a631.585
_bH63
_222
245 0 0 _aHidroponía /
_ceditado por Centro de Estudios Agropecuarios
264 1 _aMéxico:
_bTrillas,
_c2019.
300 _a126 páginas
_bilustraciones, cuadros
504 _aIncluye índice y bibliografía
650 2 _9145363
_aCultivo sin tierra
650 2 _9145364
_aCultivos hidropónicos
650 2 _955280
_aHidroponía
942 _2ddc
_cLIBRO
999 _c217331
_d217331